000 nam a22 a 4500
999 _c4424
_d4424
005 20170530093124.0
008 170530b2011 my ||||| |||| 00| 0 eng d
020 _a9789678919432
040 _aAKMAL
082 _a347.59506 MAL
090 _a347.59506
_bMAL
245 _aAkta Keterangan 1950 (Akta 56) & Akta Keterangan Saksi Kanak-Kanak 2007 (Akta 676)
_b(hingga 25hb November 2011)
_cInternational Law Book Services
260 _aPetaling Jaya
_bInternational Law Book Services
_c2011
300 _a109ms
_c24 cm
650 _aLaws
_98586
942 _2ddc
_cBOOK